Economic and cultural transition towards a learning city <the> case of Jena

Gespeichert in:
Bibliographische Detailangaben
Format: Buch
Sprache:Englisch
Veröffentlicht: Paris OECD 1999
Schlagworte:
Tags: Tag hinzufügen
Keine Tags, Fügen Sie das erste Tag hinzu!

MARC

LEADER 00000nam a2200000 4500
001 c119942
005 20221108121420.6
020 |a 9264170-15-4 
041 0 |a eng 
044 |a FR 
245 1 0 |a Economic and cultural transition towards a learning city  |b <the> case of Jena 
264 1 |a Paris  |b OECD  |c 1999 
300 |a 137 s. 
610 2 0 |a reformy 
610 2 0 |a transformácia 
610 2 0 |a spoločnosť 
610 2 0 |a kultúra 
610 2 0 |a výchova 
610 2 0 |a vzdelávanie 
610 2 0 |a mestá 
610 2 0 |a univerzity 
610 2 0 |a školy vysoké 
610 2 0 |a hospodárstvo trhové 
610 2 0 |a hospodárstvo regionálne 
610 2 0 |a konkurencia 
610 2 0 |a globalizácia 
610 2 0 |a inovácia 
610 2 0 |a SVE 
610 2 0 |a OECD 
610 2 0 |a Nemecko